Organisational dynamics

Saved in:
Bibliographic Details
Main Author: OGUNBAMERU, Olakunle A
Format: Book
Language:English
Published: Spectrum Books 2004
Tags: Add Tag
No Tags, Be the first to tag this record!

MARC

LEADER 00000nam a22000007a 4500
008 210126b ||||| |||| 00| 0 eng d
020 |a 978-978-029-483-0 
100 |a OGUNBAMERU, Olakunle A 
245 |a Organisational dynamics  |c Olakunle A. Ogunbameru  |g xv, 577p.; ill. 
260 |b Spectrum Books  |c  2004  |d Books  |h Ibadan:  |i 691932  |l HB615 .Og9  |m Creative ability in business  |m Entrepreneurship  |m  Economic Technological innovations aspects  |m New business enterprises 
942 |a lcc  |c BK  |e Adekanye I. H.  |f 26/01/2021 
952 |0 0  |1 0  |2 lcc  |4 0  |6 HB0615 O G9  |7 0  |9 1838  |a HOL  |b HOL  |c GJ  |d 2021-01-26  |l 0  |o HB615 .Og9  |p 2021-5710  |r 2021-01-26 00:00:00  |w 2021-01-26  |y BK 
999 |c 969  |d 969